LDR 01004naa#a2200205#i#450# 001 RU\\bibl\121419 005 20260429103509.3 011 ## _a1994-4683 100 ## _a20230531b2023####ek#y0rusy0150####ca 102 ## _aRU 200 1# _aО НЕОБХОДИМОСТИ КОРРЕКЦИИ ЭКЗАМЕНАЦИОННОГО СТРЕССА У СТУДЕНТОВ СРЕДСТВАМИ ЗДОРОВЬЕСБЕРЕГАЮЩИХ ТЕХНОЛОГИЙ _eЖурнальная статья 210 1# _aМосква _cНациональный государственный Университет физической культуры, спорта и здоровья им. П.Ф. Лесгафта _d2023 215 ## _a7 с. 608 ## _aЖурнальная статья _2local 675 ## _aФизическое здоровье студентов. 378.172 _z 700 #1 _aИлькевич _gТ Г 700 #1 _aИлькевич _gК Б 700 #1 _aГусев _gА В 700 #1 _aШакиров _gМ Р 856 4# _auchzapiski.lesgaft.spb.ru _u